| 000 | 00666nam a2200253Ia 4500 | ||
|---|---|---|---|
| 003 | OSt | ||
| 005 | 20220928124954.0 | ||
| 006 | a|||||r|||| 00| 0 | ||
| 007 | ta | ||
| 008 | 220927b |||||||| |||| 00| 0 eng d | ||
| 024 | _a31838 | ||
| 037 | _cTextual | ||
| 040 |
_aSDCL _cSDCL _beng |
||
| 041 |
_2eng _aeng |
||
| 082 | _aD6,8(B289C++), P7 | ||
| 100 |
_aDale Nell B _9467371 |
||
| 245 | 0 | _aC++ plus data structures. | |
| 250 | _a4 | ||
| 260 |
_aBoston _bJones and Bartlett _c2007 |
||
| 300 |
_axvi,781p. _ccm. |
||
| 650 | _aData Structures-Computers | ||
| 942 |
_hD6,8(B289C++), P7 _cTEXL _2CC |
||
| 999 |
_c780214 _d780214 |
||